000 00192 a2200109 4500
020 _a9780399154270
041 _aeng
100 _aC.J.Bok
245 _aFree Fire
942 _cBK
952 _71
999 _c19569
_d19569